Nightwish : Tous les albums et chansons - Statistiques

Statistiques générales
  • Ce quiz a été pris 60 fois
  • Le résultat moyen est 43 sur 120
Statistiques - réponses
Albums Songs % Correct
Nemo
79%
Wishmaster
75%
Ghost Love Score
71%
Over The Hills And Far Away Over The Hills And Far Away
71%
Last Ride Of The Day
67%
Storytime
67%
Amaranth
63%
The Greatest Show On Earth
63%
Angels Fall First
58%
Élan
58%
Endless Forms Most Beautiful
58%
The Kinslayer
58%
Century Child Bless The Child
54%
Eva
54%
Noise
54%
Phantom Of The Opera
54%
Oceanborn Stargazers
54%
The Siren
54%
Bye Bye Beautiful
50%
Once Dark Chest Of Wonders
50%
Ever Dream
50%
Ghost River
50%
Harvest
50%
Human. :||: Nature. Music
50%
Sleeping Sun
50%
Dark Passion Play The Poet And The Pendulum
50%
Arabesque
46%
Beauty And The Beast
46%
Planet Hell
46%
Shoemaker
46%
The Carpenter
46%
Angels Fall First Elvenpath
42%
End Of All Hope
42%
I Want My Tears Back
42%
Moondance
42%
Sahara
42%
Scaretale
42%
Wishmaster She Is My Sin
42%
Slow, Love, Slow
42%
Imaginaerum Taikatalvi
42%
The Crow, The Owl And The Dove
42%
The Islander
42%
Tribal
42%
Alpenglow
38%
Dead Boy's Poem
38%
Dead To The World
38%
Gethsemane
38%
Imaginaerum
38%
Lappi
38%
Last Of The Wilds
38%
Master Passion Greed
38%
Pan
38%
Passion And The Opera
38%
Romanticide
38%
Turn Loose The Mermaids
38%
Walking In The Air
38%
Wanderlust
38%
10th Man Down
33%
Crownless
33%
Swanheart
33%
How's The Heart?
33%
Meadows Of Heaven
33%
Rest Calm
33%
Sacrament Of Wilderness
33%
Slaying The Dreamer
33%
Song Of Myself
33%
The Riddler
33%
Weak Fantasy
33%
7 Days To The Wolves
29%
Astral Romance
29%
Away
29%
Beauty Of The Beast
29%
Cadence Of Her Last Breath
29%
Come Cover Me
29%
Deep Silent Complete
29%
Devil & The Deep Dark Ocean
29%
Endlessness
29%
Fantasmic
29%
Feel For You
29%
Kuolema Tekee Taiteilijan
29%
Nightquest
29%
Nightwish
29%
Ocean Soul
29%
Endless Forms Most Beautiful Shudder Before The Beautiful
29%
The Eyes Of Sharbat Gula
29%
The Pharaoh Sails To Orion
29%
Whoever Brings The Night
29%
Creek Mary's Blood
25%
Edema Ruh
25%
For The Heart I Once Had
25%
Higher Than Hope
25%
Know Why The Nightingale Sings
25%
My Walden
25%
Our Decades In The Sun
25%
Procession
25%
Sleep Walker
25%
Tutankhamen
25%
Yours Is An Empty Hope
25%
Ad Astra
21%
A Return To The Sea
21%
Bare Grace Misery
21%
Dead Gardens
21%
Forever Yours
21%
Lagoon
21%
The Blue
21%
The Green
21%
The Wayfarer
21%
Two For Tragedy
21%
Nymphomaniac Fantasia
17%
The Forever Moments
17%
Anthropocene
13%
Aurorae
13%
Escapist
13%
Etiäinen
13%
Moors
13%
Quiet As The Snow
13%
All The Works Of Nature Which Adorn The World Vista
13%
Live To Tell The Tale
8%
White Night Fantasy
8%
Wish I Had An Angels
8%
Aucun quiz correspondant
Distribution des résultats
% des personnes avec chaque résultat
Percentile par nombre de réponses
Votre historique - résultats
Vous n’avez pas pris ce quiz